00738nam a2200157 a 450000100100000000500170001000800410002704000250006808200160009310000360010924502300014526000790037530000200045449000530047483000530052700003143420200930062928.0110622s1938 dr 000 0 spa d aDO-SdBNPbspacBNPHU axxxxbF911d1 aFrier, Julio Ortega,d1988-195310aDiscurso del licenciado Julio Ortega Frier, rector de la Universidad de Santo Domingo, pronunciado en el acto académico celebrado el 28 de octubre de 1938 con motivo del cuarto centenario de la erección de la Universidad. aCiudad Trujillo, República Dominicana :bImpreta Listín Diario,c1938. a26 p. ;c23 cm.1 aPublicaciones de la Universidad de Santo Domingo 0aPublicaciones de la Universidad de Santo Domingo